Legal guide for LGBTQI foreigners in Hungary

Uloženo v:
Podrobná bibliografie
Hlavní autor: Szekeres, Zsolt
Další autoři: Major, Magda
Médium: Kniha
Jazyk:angličtina
Vydáno: Ungheria Hatter Society 2023
Tagy: Přidat tag
Žádné tagy, Buďte první, kdo vytvoří štítek k tomuto záznamu!

MARC

LEADER 00000nam a2200000 4500
005 20241023174657.0
008 241023b |||||||| |||| 00| 0 eng d
040 |c GP 
100 |a Szekeres, Zsolt 
245 |a Legal guide for LGBTQI foreigners in Hungary 
260 |a Ungheria  |b Hatter Society  |c 2023 
700 |a Major, Magda 
942 |2 ddc  |c BK  |n 0 
952 |0 0  |1 0  |2 ddc  |4 0  |6 306_766000000000000_HAT  |7 1  |9 2155  |a RM  |b RM  |d 2024-10-23  |l 0  |o 306 766 HAT  |p 833  |r 2024-10-23 17:47:12  |w 2024-10-23  |y BK 
999 |c 1895  |d 1895